000 00294nam a22001337a 4500
008 170919b xxu||||| |||| 00| 0 eng d
020 _a9780140511444
041 _aeng
080 _a7
100 _a44
101 _aART
245 _aARTS IN THE TWENTIETH CENTURY
_cKENNETH
942 _2udc
_cBK
999 _c28223
_d28223